| 000 | 00972nam a2200325 i 4500 | ||
|---|---|---|---|
| 003 | EG-GICUC | ||
| 005 | 20260122184935.0 | ||
| 008 | 260122s1970 fr ||||fr|||| 000 0 fre d | ||
| 040 |
_aEG-GiCUC _bfre _cEG-GiCUC _dEG-GiCUC _eRda |
||
| 082 | 0 | 4 |
_221 _a330.03 _bPU . P |
| 092 | 0 | 4 | _221 |
| 099 | _aLaw1 13 330.03 PU . P 1970 | ||
| 100 | 1 |
_aPujol, Rosemonde _eAuteur |
|
| 245 | 1 | 0 |
_aPetit Dictionnaire De L'économie / _b _cRosemonde Pujol. |
| 250 | _a | ||
| 264 | 1 |
_aParis : _bDenoël / Gonthier, _c1970. |
|
| 300 |
_a251page : _billustration ; _c 24 cm. |
||
| 336 |
_2rda contenu _a texte |
||
| 337 |
_2rda medias _aOrdinateur |
||
| 338 |
_2 transporteur rda _a Ressource en ligne |
||
| 490 | _a | ||
| 500 | _a | ||
| 504 | _a | ||
| 546 | _aTexte en français | ||
| 650 | 1 | 4 |
_aFinances publiques et législation fiscale _2 |
| 651 | 1 | _2 | |
| 856 | 4 | 0 | _uhttps://fll.law.cu.edu.eg/fulltext/bks/B13-10275.pdf |
| 905 | _a50 | ||
| 942 |
_2ddc _cBK _e21 _n0 |
||
| 999 |
_c58701 _d58701 |
||